000
00198 a2200097 4500
001
1166
100
_a
Croft, T.
245
_a
Practical electricity
260
_a
_b
Mcgrawhill
_c
090
_c
728
_d
728
942
_a
NUST-CAE
_c
M
_c
33911
999
_c
236239
_d
236239